| 000 | 00929nam a22002537a 4500 | ||
|---|---|---|---|
| 003 | OSt | ||
| 005 | 20230224100747.0 | ||
| 008 | 220916b |||||||| |||| 00| 0 eng d | ||
| 020 | _a959 240 033 4 | ||
| 040 | _cBiblioteca Lado V | ||
| 082 |
_a741.64 _bG643c |
||
| 100 |
_9750 _aPushkin, Alexander _eautor |
||
| 245 | _aLas Carolinas Blancas/ | ||
| 260 |
_aCuba _bEdiciones Vigía _bColección Trébol |
||
| 300 |
_a16p. _c14x19cm _bLIBRO INTERVENIDO ARTISTICAMENTE DESDE LA PORTADA |
||
| 650 |
_2Tesauro de Arte & Arquitectura _aLIBRO-ARTE |
||
| 650 |
_2Tesauro de Arte & Arquitectura _aCUENTO |
||
| 650 |
_2Tesauro de Arte & Arquitectura _aILUSTRADO |
||
| 650 |
_2Tesauro de Arte & Arquitectura _aLITERATURA |
||
| 651 |
_2Tesauro de Arte & Arquitectura _aCUBA |
||
| 700 |
_aHernandez Millan, Juan Luis _etraductor |
||
| 700 |
_aEstévez, Rolando _etraductor |
||
| 942 |
_2ddc _c1 _h741.64 _iG643c _n0 |
||
| 999 |
_c3066 _d3066 |
||